000 00478nam a22001937a 4500
003 CEME
005 20210628203719.0
008 210126b xxu||||| |||| 00| 0 eng d
020 _a0-13-015676-0
040 _c.
082 _a629.89 MAL
100 _aMaloney, Timothy J
_966981
245 _aModern industrial electronics
250 _a4TH
260 _aNEW YORK
_bPRENTICE HALL
_c2001
300 _aXXI943P
650 _aINDUSTRIAL ELECTRONICS
_91679
942 _cBK
_2ddc
999 _c574839
_d574839